000 00762nam a2200205Ii 4500
003 JO-AjNU
008 230605s9999||||xx |||||||||||||| ||und||
040 _aJO-AjNU
_bara
_erda
_cJO-AjNU
041 _aara
050 1 4 _aQA76.K45121 1988
100 3 _aكيلمور ، جارلس/ ترجمة مازن عبد المجيد ,
_eauthor
_99776
245 0 0 _aالحاسبات الالكترونية المصغرة المايكر وكومبيوتر
264 3 1 _aبغداد:دار الشؤون الثقافية ، 1987
300 _a298ص
336 _atext
_btxt
_2rdacontent
337 _aunmediated
_bn
_2rdamedia
338 _avolume
_bnc
_2rdacarrier
490 0 _aسلسلة المائة كتاب
650 4 _aالحاسبات الالكترونية
_99777
999 _aA1472
_c5040
_d5040